[Event "EU-ch (Women) 24th"]
[Site "Rhodes"]
[Date "2024.04.26"]
[Round "7"]
[White "Prado Acebo, Ines"]
[Black "Mammadova, Gulnar Marfat Qizi"]
[Result "1/2-1/2"]
[WhiteElo "2229"]
[BlackElo "2352"]
[PlyCount "35"]
[EventDate "2024.04.19"]
[EventType "swiss"]
[EventRounds "10"]
[EventCountry "GRE"]
[SourceTitle "CB18_2024"]
[SourceDate "2024.05.01"]
[SourceVersion "1"]
[SourceVersionDate "2024.05.01"]
[SourceQuality "2"]

1. d4 Nf6 2. c4 e6 3. Nf3 d5 4. g3 Bb4+ 5. Bd2 a5 6. Bg2 0-0 7. Qc1 Be7 8. 0-0 c6 9. Rd1 Nbd7 10. Bf4 h6 11. b3 a4 12. Nc3 axb3 13. axb3 Rxa1 14. Qxa1 Nh5 15. Bc1 Nhf6 16. Bf4 Nh5 17. Bc1 Nhf6 18. Bf4 1/2-1/2

[Event "EU-ch (Women) 24th"]
[Site "Rhodes"]
[Date "2024.04.23"]
[Round "5"]
[White "Terbe, Julianna"]
[Black "Mammadova, Gulnar Marfat Qizi"]
[Result "1/2-1/2"]
[WhiteElo "2274"]
[BlackElo "2352"]
[PlyCount "40"]
[EventDate "2024.04.19"]
[EventType "swiss"]
[EventRounds "10"]
[EventCountry "GRE"]
[SourceTitle "CB18_2024"]
[SourceDate "2024.05.01"]
[SourceVersion "1"]
[SourceVersionDate "2024.05.01"]
[SourceQuality "2"]

1. d4 Nf6 2. c4 e6 3. Nf3 d5 4. g3 Be7 5. Bg2 0-0 6. 0-0 dxc4 7. Qc2 a6 8. a4 Bd7 9. Bg5 Bc6 10. Rd1 b5 11. Bxf6 Bxf6 12. Nc3 Qe8 13. d5 exd5 14. Nd4 Qe5 15. e4 dxe4 16. Nxe4 Ra7 17. axb5 Bxe4 18. Bxe4 g6 19. bxa6 Rxa6 20. Rxa6 Nxa6 1/2-1/2

[Event "EU-ch (Women) 24th"]
[Site "Rhodes"]
[Date "2024.04.20"]
[Round "2"]
[White "Mammadova, Gulnar Marfat Qizi"]
[Black "Valkova, Angelika"]
[Result "1-0"]
[WhiteElo "2352"]
[BlackElo "2009"]
[PlyCount "77"]
[EventDate "2024.04.19"]
[EventType "swiss"]
[EventRounds "10"]
[EventCountry "GRE"]
[SourceTitle "CB18_2024"]
[SourceDate "2024.05.01"]
[SourceVersion "1"]
[SourceVersionDate "2024.05.01"]
[SourceQuality "2"]

1. e4 e5 2. Nf3 Nc6 3. Bb5 a6 4. Ba4 Nge7 5. Nc3 d6 6. h3 b5 7. Bb3 Na5 8. Ne2 Nxb3 9. axb3 Bb7 10. Ng3 g6 11. d4 Bg7 12. Be3 d5 13. exd5 Nxd5 14. Bg5 f6 15. Bc1 0-0 16. 0-0 Nf4 17. Re1 Qd5 18. Bxf4 exf4 19. Ne4 g5 20. Nc5 Bc8 21. Qe2 g4 22. hxg4 Bxg4 23. Rxa6 Rae8 24. Qxb5 Bxf3 25. Rxe8 Qg5 26. Rxf8+ Bxf8 27. Qf1 Qg4 28. Nd7 Kg7 29. Nxf6 Qg5 30. Nxh7 Qg4 31. Nxf8 Kxf8 32. Rh6 Be2 33. Rf6+ Kg7 34. Rxf4 Qxf4 35. Qxe2 Qc1+ 36. Kh2 Qf4+ 37. Kh3 Qh6+ 38. Kg3 Kf7 39. Qf3+ 1-0

[Event "Swiss Queens Wed #8"]
[Site "FIDE Online Arena INT"]
[Date "2024.03.20"]
[Round "8"]
[White "Maltsevskaya, Aleksandra"]
[Black "Mammadova, Gulnar Marfat Qizi"]
[Result "1-0"]
[WhiteElo "2374"]
[BlackElo "2351"]
[PlyCount "135"]
[EventDate "2024.03.20"]
[EventType "swiss (blitz)"]
[EventRounds "11"]
[EventCountry "NET"]
[SourceTitle "CB13_2024"]
[SourceDate "2024.03.27"]
[SourceVersion "1"]
[SourceVersionDate "2024.03.27"]
[SourceQuality "1"]

1. e4 e5 2. Nf3 Nc6 3. Bb5 a6 4. Ba4 Nf6 5. 0-0 Be7 6. Re1 b5 7. Bb3 0-0 8. h3 Bb7 9. d3 d5 10. Qe2 dxe4 11. dxe4 Nd4 12. Nxd4 Qxd4 13. Nc3 c5 14. Rd1 Qb4 15. a3 Qa5 16. Nd5 Nxd5 17. Bxd5 Qc7 18. Be3 Rad8 19. c4 Bxd5 20. exd5 Rb8 21. cxb5 axb5 22. Rac1 Bd6 23. Kh1 f5 24. Bxc5 Qd7 25. Bxd6 Qxd6 26. Rc6 Qe7 27. Re6 Qc5 28. Rxe5 Rbd8 29. d6 Qc6 30. Qxb5 Rxd6 31. Rxd6 Qxd6 32. Rxf5 Qd1+ 33. Kh2 Rd8 34. Qe5 h6 35. b4 Qc1 36. Qe6+ Kh8 37. Qe7 Qc8 38. Rf3 Re8 39. Qf7 Qb8+ 40. Qf4 Qb7 41. a4 Re4 42. Qf8+ Kh7 43. Qf5+ Kh8 44. Rc3 Qb8+ 45. g3 Re8 46. b5 Rf8 47. Qc2 Qb6 48. Kg1 Qd4 49. Rc8 Rxc8 50. Qxc8+ Kh7 51. Qf5+ Kh8 52. Qf4 Qa1+ 53. Kg2 Qb1 54. Qf8+ Kh7 55. Qf3 Kh8 56. Qe3 Qb4 57. b6 Qxa4 58. Qf3 Qb4 59. b7 Kh7 60. Qf5+ Kh8 61. Qc8+ Kh7 62. b8Q Qe4+ 63. Kh2 Qd3 64. Qh8+ Kg6 65. Qbe8+ Kf6 66. Qhf8+ Kg5 67. Qxg7+ Qg6 68. Qee5# 1-0

[Event "Swiss Queens Wed #8"]
[Site "FIDE Online Arena INT"]
[Date "2024.03.20"]
[Round "3"]
[White "Mammadova, Gulnar Marfat Qizi"]
[Black "Rudzinska, Michalina"]
[Result "1-0"]
[WhiteElo "2351"]
[BlackElo "2302"]
[PlyCount "79"]
[EventDate "2024.03.20"]
[EventType "swiss (blitz)"]
[EventRounds "11"]
[EventCountry "NET"]
[SourceTitle "CB13_2024"]
[SourceDate "2024.03.27"]
[SourceVersion "1"]
[SourceVersionDate "2024.03.27"]
[SourceQuality "1"]

1. e4 c6 2. d4 d5 3. e5 Bf5 4. Nf3 e6 5. Be2 Ne7 6. 0-0 h6 7. a4 Bh7 8. c3 Ng6 9. Na3 Nd7 10. Nc2 Be7 11. a5 0-0 12. b4 b6 13. Ne3 c5 14. bxc5 bxc5 15. Ne1 Rc8 16. f4 cxd4 17. cxd4 Nh4 18. Bd3 Bxd3 19. Nxd3 g6 20. Ng4 h5 21. Ne3 Nb8 22. Ba3 Nc6 23. Bxe7 Qxe7 24. Ra4 Nf5 25. Nxf5 exf5 26. Qb3 Rfd8 27. Rc1 Rc7 28. Rc5 Qd7 29. Qc3 Rdc8 30. Ra1 Ne7 31. a6 Rxc5 32. Nxc5 Qc7 33. Rb1 Rb8 34. Rb7 Qd8 35. Qb3 Ra8 36. h3 Nc6 37. e6 Nxd4 38. exf7+ Kf8 39. Qe3 Qf6 40. Nd7+ 1-0

[Event "Swiss Queens Wed #8"]
[Site "FIDE Online Arena INT"]
[Date "2024.03.20"]
[Round "5"]
[White "Mammadova, Gulnar Marfat Qizi"]
[Black "Vidruska, Renate"]
[Result "1-0"]
[WhiteElo "2351"]
[BlackElo "1978"]
[PlyCount "145"]
[EventDate "2024.03.20"]
[EventType "swiss (blitz)"]
[EventRounds "11"]
[EventCountry "NET"]
[SourceTitle "CB13_2024"]
[SourceDate "2024.03.27"]
[SourceVersion "1"]
[SourceVersionDate "2024.03.27"]
[SourceQuality "1"]

1. e4 e5 2. Nf3 Nf6 3. Nxe5 d6 4. Nf3 Nxe4 5. Nc3 Nxc3 6. dxc3 Nc6 7. Be3 Be6 8. Qd2 a6 9. 0-0-0 Qd7 10. h4 0-0-0 11. Nd4 Nxd4 12. Qxd4 c5 13. Qf4 Qc6 14. a3 d5 15. Qg3 h5 16. Be2 g6 17. Bf3 Bg7 18. Rd2 Qa4 19. Bxc5 Rhe8 20. Kb1 Qb5 21. Bd4 Bf8 22. Be2 Qc6 23. Rhd1 Bd6 24. Qg5 Qc7 25. g3 Be7 26. Qe3 Qc6 27. f3 Bf5 28. Qf2 Bd6 29. Bd3 Be6 30. Re2 Kb8 31. Rde1 Rg8 32. Be5 Bxe5 33. Rxe5 Qc7 34. Qd4 Rc8 35. f4 Qc5 36. Bf1 Qxd4 37. cxd4 Rc7 38. c3 Rd7 39. Bg2 Rgd8 40. Kc1 Kc7 41. Bf3 Kd6 42. Kd2 Rc8 43. Rg1 b5 44. b4 Rdd8 45. Re3 Rh8 46. Ra1 Rc7 47. a4 Rhc8 48. axb5 axb5 49. Ra5 Rb7 50. Be2 Rcb8 51. Ra6+ Rb6 52. Ra7 R6b7 53. Ra5 Rb6 54. Bd3 R8b7 55. Re1 Rb8 56. Rea1 R8b7 57. Ra8 Rb8 58. Rxb8 Rxb8 59. Ra5 Kc6 60. Ra6+ Rb6 61. Ra8 Kd6 62. Ke3 Bd7 63. Rh8 Ke7 64. f5 Be8 65. Kf4 Rb8 66. fxg6 fxg6 67. Bxg6 Bxg6 68. Rxb8 Bd3 69. Rb6 Bc4 70. Ke5 Kd7 71. Rh6 Be2 72. Kxd5 Bf3+ 73. Kc5 1-0

[Event "Swiss Queens Wed #8"]
[Site "FIDE Online Arena INT"]
[Date "2024.03.20"]
[Round "10"]
[White "Narva, Mai"]
[Black "Mammadova, Gulnar Marfat Qizi"]
[Result "0-1"]
[WhiteElo "2399"]
[BlackElo "2351"]
[PlyCount "90"]
[EventDate "2024.03.20"]
[EventType "swiss (blitz)"]
[EventRounds "11"]
[EventCountry "NET"]
[SourceTitle "CB13_2024"]
[SourceDate "2024.03.27"]
[SourceVersion "1"]
[SourceVersionDate "2024.03.27"]
[SourceQuality "1"]

1. e4 e5 2. Nf3 Nc6 3. Bb5 a6 4. Ba4 Nf6 5. 0-0 Be7 6. d3 b5 7. Bb3 d6 8. c3 0-0 9. a4 Bd7 10. Bc2 h6 11. Re1 Re8 12. h3 Bf8 13. Nbd2 Rb8 14. Nf1 b4 15. a5 bxc3 16. bxc3 d5 17. Ng3 Bd6 18. Ba4 Ne7 19. Bb3 Be6 20. Ba4 Bd7 21. Qc2 Bxa4 22. Rxa4 c6 23. exd5 cxd5 24. Be3 Qd7 25. Bb6 Ng6 26. Raa1 Nf4 27. c4 Rbc8 28. c5 Bb8 29. Kh2 e4 30. dxe4 dxe4 31. Nh4 Nd3 32. Re3 Nd5 33. Re2 N5f4 34. Rxe4 Rxe4 35. Nxe4 Qd4 36. Ng3 Qxa1 37. Nhf5 Qe5 38. Qc4 g6 39. Nxh6+ Kg7 40. Ng4 Qe6 41. Qd4+ Be5 42. Qe3 Re8 43. c6 Nd5 44. Qxd3 Nxb6 45. axb6 Bxg3+ 0-1

[Event "Swiss Queens Wed #8"]
[Site "FIDE Online Arena INT"]
[Date "2024.03.20"]
[Round "2"]
[White "Osmak, Iulija"]
[Black "Mammadova, Gulnar Marfat Qizi"]
[Result "0-1"]
[WhiteElo "2452"]
[BlackElo "2351"]
[PlyCount "118"]
[EventDate "2024.03.20"]
[EventType "swiss (blitz)"]
[EventRounds "11"]
[EventCountry "NET"]
[SourceTitle "CB13_2024"]
[SourceDate "2024.03.27"]
[SourceVersion "1"]
[SourceVersionDate "2024.03.27"]
[SourceQuality "1"]

1. e4 e5 2. Nf3 Nc6 3. Nc3 Nf6 4. Bb5 Nd4 5. 0-0 c6 6. Ba4 Bc5 7. d3 d6 8. Nxd4 Bxd4 9. Ne2 Bb6 10. Ng3 h6 11. Be3 Be6 12. Bb3 Qd7 13. Bxb6 axb6 14. Qf3 0-0 15. h3 d5 16. exd5 Bxd5 17. Bxd5 Qxd5 18. Qxd5 Nxd5 19. a3 f6 20. Rad1 b5 21. d4 Rfe8 22. dxe5 Rxe5 23. Rfe1 Rae8 24. Rxe5 Rxe5 25. Kf1 Kf7 26. Ne2 h5 27. Nd4 h4 28. Nf3 Re4 29. Re1 Rxe1+ 30. Kxe1 g5 31. g3 hxg3 32. fxg3 Ke6 33. h4 gxh4 34. gxh4 Kf5 35. h5 Nf4 36. Nd4+ Kg5 37. h6 Kxh6 38. Nf5+ Kg5 39. Nd6 b6 40. c4 bxc4 41. Nxc4 Nd5 42. a4 Kf5 43. a5 bxa5 44. Nxa5 Ne7 45. Ke2 Ke4 46. Nb7 f5 47. Nc5+ Kd4 48. Ne6+ Ke5 49. Nc5 Nd5 50. Nd7+ Kd4 51. Kf3 c5 52. Nb8 Kd3 53. Nc6 Kc2 54. Ne5 Kb3 55. Nd3 c4 56. Ne5 Nb4 57. Kf4 Nd3+ 58. Kxf5 Nxe5 59. Kxe5 Kxb2 0-1

[Event "Swiss Queens Wed #7"]
[Site "FIDE Online Arena INT"]
[Date "2024.03.13"]
[Round "7"]
[White "Mahdian, Anousha"]
[Black "Mammadova, Gulnar Marfat Qizi"]
[Result "0-1"]
[WhiteElo "2069"]
[BlackElo "2351"]
[PlyCount "154"]
[EventDate "2024.03.13"]
[EventType "swiss (blitz)"]
[EventRounds "11"]
[EventCountry "NET"]
[SourceTitle "CB12_2024"]
[SourceDate "2023.10.01"]
[SourceVersion "1"]
[SourceVersionDate "2023.10.01"]
[SourceQuality "1"]

1. d4 Nf6 2. c4 g6 3. Nc3 Bg7 4. e4 d6 5. Be2 0-0 6. Be3 c6 7. g4 Nbd7 8. g5 Ne8 9. h4 e5 10. d5 f5 11. gxf6 Ndxf6 12. Nh3 cxd5 13. cxd5 Qa5 14. f3 Bxh3 15. Rxh3 Nh5 16. Qd2 Rc8 17. Nb5 Qxd2+ 18. Kxd2 a6 19. Na3 Nf4 20. Rhh1 Nf6 21. Rac1 N6h5 22. Rhg1 Bf6 23. Nc4 Be7 24. a4 Rcd8 25. a5 Bxh4 26. Bb6 Rd7 27. Bd1 Nh3 28. Rh1 Bg5+ 29. Be3 Bxe3+ 30. Kxe3 N3f4 31. Ba4 Rdd8 32. Nb6 Ng2+ 33. Kf2 Ngf4 34. Ke3 Rf7 35. Rc3 Kg7 36. Rhc1 g5 37. Rc7 Rdf8 38. Nc8 Kh6 39. Rxf7 Rxf7 40. Nxd6 Rf8 41. Nf5+ Kg6 42. Rc7 Nf6 43. Ne7+ Kh5 44. Nf5 g4 45. Ng3+ Kh4 46. Nf5+ Kh3 47. Rg7 h5 48. d6 Ne6 49. Rg6 Nc5 50. Bc2 h4 51. fxg4 Nxg4+ 52. Kf3 Nf6 53. Ke3 Ne6 54. Bd1 Nf4 55. Rg7 Ng2+ 56. Kf3 Nf4 57. Ke3 N4h5 58. Bxh5 Nxh5 59. Rh7 Nf6 60. Rxh4+ Kg2 61. Rh6 Nd7 62. Rg6+ Kh3 63. Rg7 Nc5 64. d7 Rd8 65. Nd6 Rxd7 66. Rxd7 Nxd7 67. Nxb7 Kg4 68. b4 Kg5 69. Nc5 Nb8 70. Kd3 Kf6 71. Kc4 Nc6 72. Nxa6 Ke6 73. Nc5+ Kd6 74. a6 Na7 75. b5 Nc8 76. Na4 Ne7 77. b6 Kc6 0-1

[Event "Swiss Queens Wed #7"]
[Site "FIDE Online Arena INT"]
[Date "2024.03.13"]
[Round "5"]
[White "Mammadova, Gulnar Marfat Qizi"]
[Black "Savitha Shri, B."]
[Result "1-0"]
[WhiteElo "2351"]
[BlackElo "2363"]
[PlyCount "173"]
[EventDate "2024.03.13"]
[EventType "swiss (blitz)"]
[EventRounds "11"]
[EventCountry "NET"]
[SourceTitle "CB12_2024"]
[SourceDate "2023.10.01"]
[SourceVersion "1"]
[SourceVersionDate "2023.10.01"]
[SourceQuality "1"]

1. e4 c5 2. Nf3 e6 3. b3 Nc6 4. c4 Nf6 5. Nc3 d5 6. cxd5 exd5 7. exd5 Nxd5 8. Nxd5 Qxd5 9. Bc4 Qh5 10. 0-0 Bg4 11. Re1+ Be7 12. h3 Bxf3 13. Qxf3 Qxf3 14. gxf3 0-0-0 15. Bxf7 Bf6 16. Rb1 Rhf8 17. Be6+ Kc7 18. Ba3 Bd4 19. Kg2 Rd6 20. Bg4 Rg6 21. Kf1 Rg5 22. h4 Rxg4 23. fxg4 Rxf2+ 24. Kg1 Ne5 25. Rxe5 Rxd2+ 26. Kf1 Bxe5 27. Bxc5 Rxa2 28. Re1 Bd6 29. Bd4 g6 30. Rc1+ Kd7 31. Rd1 Kc6 32. Bf2 a5 33. Rc1+ Kb5 34. Rd1 Kc6 35. Rc1+ Kd7 36. Rd1 Ke6 37. Re1+ Kf7 38. Rd1 Ke7 39. Re1+ Kd8 40. Rd1 Kc7 41. Rc1+ Kb8 42. Rd1 Be7 43. Rd7 Bxh4 44. Bxh4 Ra1+ 45. Ke2 h5 46. g5 Rg1 47. Bf2 Rxg5 48. Be3 Re5 49. Kf3 Rb5 50. Rd3 Rb4 51. Bc5 Rg4 52. Bd6+ Ka7 53. Bc7 b6 54. Be5 Ka6 55. Rd6 Kb5 56. Bd4 Kb4 57. Rxb6+ Ka3 58. Bc5+ Ka2 59. Rb5 a4 60. bxa4 Rxa4 61. Be3 Rg4 62. Rb6 Ka3 63. Bf4 Ka4 64. Be5 Ka5 65. Rb8 Ka4 66. Ke3 h4 67. Kf3 Rg1 68. Bd4 Rg3+ 69. Kf2 g5 70. Be5 Rg4 71. Rg8 h3 72. Kf3 Rg2 73. Bg3 Rg1 74. Rh8 Rh1 75. Kg4 Kb3 76. Kxg5 h2 77. Bxh2 Kc2 78. Kg4 Kd3 79. Kg3 Ra1 80. Rd8+ Ke4 81. Re8+ Kf5 82. Kh3 Ra3+ 83. Bg3 Kg5 84. Re5+ Kf6 85. Rb5 Ke6 86. Kg4 Rb3 87. Rxb3 1-0

[Event "GEO-AZE (Women) m"]
[Site "Tbilisi"]
[Date "2024.03.01"]
[Round "4"]
[White "Arabidze, Meri"]
[Black "Mammadova, Gulnar Marfat Qizi"]
[Result "1/2-1/2"]
[WhiteElo "2461"]
[BlackElo "2351"]
[PlyCount "123"]
[EventDate "2024.02.27"]
[EventType "team-match"]
[EventRounds "5"]
[EventCountry "GEO"]
[SourceTitle "CB10_2024"]
[SourceDate "2024.03.06"]
[SourceVersion "1"]
[SourceVersionDate "2024.03.06"]
[SourceQuality "1"]
[WhiteTeam "Georgia"]
[BlackTeam "Azerbaijan"]
[WhiteTeamCountry "GEO"]
[BlackTeamCountry "AZE"]

1. d4 Nf6 2. c4 e6 3. Nc3 Bb4 4. e3 0-0 5. Bd3 d5 6. a3 Bxc3+ 7. bxc3 dxc4 8. Bxc4 c5 9. Ne2 Qc7 10. Bd3 Nc6 11. f4 b6 12. 0-0 Rd8 13. Ng3 Bb7 14. Qe2 Rac8 15. Bb2 Na5 16. Rac1 Nb3 17. Rcd1 cxd4 18. cxd4 g6 19. h3 Nd5 20. Qf2 f5 21. e4 fxe4 22. Nxe4 Rf8 23. g3 Qc6 24. Kh2 Na5 25. Rde1 Nc4 26. Bxc4 Qxc4 27. Nd6 Qd3 28. Rd1 Qb3 29. Nxc8 Ne3 30. Ne7+ Kf7 31. f5 Kxe7 32. f6+ Kf7 33. Rd2 Nxf1+ 34. Qxf1 Rc8 35. d5 Bxd5 36. Qe2 Rc7 37. g4 h6 38. Qf2 Qc4 39. Qg3 Rd7 40. Kg1 Qe4 41. Kf2 g5 42. Re2 Qf4+ 43. Qxf4 gxf4 44. Be5 f3 45. Rd2 b5 46. h4 a5 47. Kg3 b4 48. axb4 axb4 49. Rc2 b3 50. Rc8 Rb7 51. Bb2 Ra7 52. g5 hxg5 53. hxg5 e5 54. Rc5 Rd7 55. Bxe5 Kg6 56. Bb2 Be4 57. Re5 Bb7 58. Re7 Rxe7 59. fxe7 Bc6 60. Bf6 Kf5 61. e8Q Bxe8 62. Kxf3 1/2-1/2

[Event "Swiss Queens Wed #4"]
[Site "FIDE Online Arena INT"]
[Date "2024.02.21"]
[Round "11"]
[White "Bodnaruk, Anastasia"]
[Black "Mammadova, Gulnar Marfat Qizi"]
[Result "1-0"]
[WhiteElo "2340"]
[BlackElo "2351"]
[PlyCount "79"]
[EventDate "2024.02.21"]
[EventType "swiss (blitz)"]
[EventRounds "11"]
[EventCountry "NET"]
[SourceTitle "CB09_2024"]
[SourceDate "2024.02.28"]
[SourceVersion "1"]
[SourceVersionDate "2024.02.28"]
[SourceQuality "1"]

1. e4 e5 2. Nf3 Nc6 3. Bb5 a6 4. Ba4 Nf6 5. 0-0 Be7 6. Re1 b5 7. Bb3 0-0 8. a4 b4 9. a5 Rb8 10. d4 d6 11. d5 Na7 12. c4 bxc3 13. Nxc3 Bg4 14. Bc4 Nb5 15. Nxb5 axb5 16. Bd3 Nd7 17. b4 g6 18. h3 Bxf3 19. Qxf3 Bg5 20. Qe2 f5 21. exf5 gxf5 22. Bxb5 f4 23. f3 Bh4 24. Rd1 Nf6 25. a6 Rb6 26. a7 Qa8 27. Qc4 e4 28. fxe4 f3 29. gxf3 Qc8 30. a8Q Qxh3 31. Qxf8+ Kxf8 32. Ra8+ Kf7 33. Ra2 Rb7 34. Rg2 Nh5 35. Qc6 Ng3 36. Qe8+ Kg7 37. Bb2+ Kh6 38. Qf8+ Kh5 39. Be8+ Kg5 40. Qf6# 1-0

[Event "Swiss Queens Wed #4"]
[Site "FIDE Online Arena INT"]
[Date "2024.02.21"]
[Round "5"]
[White "Galvan Cipriani, Viviana"]
[Black "Mammadova, Gulnar Marfat Qizi"]
[Result "0-1"]
[WhiteElo "2059"]
[BlackElo "2351"]
[PlyCount "98"]
[EventDate "2024.02.21"]
[EventType "swiss (blitz)"]
[EventRounds "11"]
[EventCountry "NET"]
[SourceTitle "CB09_2024"]
[SourceDate "2024.02.28"]
[SourceVersion "1"]
[SourceVersionDate "2024.02.28"]
[SourceQuality "1"]

1. c4 Nf6 2. Nc3 g6 3. g3 Bg7 4. Bg2 0-0 5. e4 d6 6. Nge2 e5 7. 0-0 Nc6 8. d3 Be6 9. h3 Qd7 10. Kh2 Ne8 11. Be3 f5 12. f4 Nf6 13. b3 Rae8 14. Rc1 Nh5 15. Qd2 exf4 16. Nxf4 Nxf4 17. Bxf4 Nd4 18. Rce1 c6 19. Ne2 fxe4 20. Nxd4 Bxd4 21. Rxe4 Bg7 22. Rfe1 d5 23. R4e2 dxc4 24. dxc4 Qxd2 25. Bxd2 Bd7 26. Bb4 Rxe2 27. Rxe2 Re8 28. Rd2 Bf5 29. Bc5 a6 30. g4 Bc8 31. Bf3 Be5+ 32. Kg2 Bf4 33. Rd1 Kf7 34. Kf2 Be5 35. Bb6 Bf6 36. Be3 Bh4+ 37. Ke2 Bg5 38. Rd3 h5 39. Kd2 Bf6 40. gxh5 Bxh3 41. hxg6+ Kxg6 42. Ke2 Bf5 43. Rd2 Bg5 44. Rd6+ Kg7 45. Kf2 Bxe3+ 46. Kg2 Bf4 47. Rd1 Rh8 48. Rd4 Bh3+ 49. Kf2 Be5 0-1

[Event "Swiss Queens Wed #4"]
[Site "FIDE Online Arena INT"]
[Date "2024.02.21"]
[Round "1"]
[White "Nevska, Gerda"]
[Black "Mammadova, Gulnar Marfat Qizi"]
[Result "0-1"]
[WhiteElo "1787"]
[BlackElo "2351"]
[PlyCount "56"]
[EventDate "2024.02.21"]
[EventType "swiss (blitz)"]
[EventRounds "11"]
[EventCountry "NET"]
[SourceTitle "CB09_2024"]
[SourceDate "2024.02.28"]
[SourceVersion "1"]
[SourceVersionDate "2024.02.28"]
[SourceQuality "1"]

1. c4 Nf6 2. Nc3 g6 3. g3 Bg7 4. Bg2 0-0 5. e4 d6 6. Nge2 c5 7. 0-0 Nc6 8. d3 e5 9. h3 Nd4 10. Nxd4 cxd4 11. Ne2 Bd7 12. f4 b5 13. b3 Rb8 14. cxb5 Bxb5 15. Ba3 Re8 16. f5 Qa5 17. Bxd6 Rbc8 18. b4 Qa6 19. Bc5 Bxd3 20. Rf2 Nxe4 21. Bxe4 Bxe4 22. fxg6 hxg6 23. g4 Bb7 24. Ng3 Qc6 25. Qf1 Qd5 26. Re1 e4 27. Rd2 e3 28. Rde2 Be5 0-1

[Event "Swiss Queens Wed #3"]
[Site "FIDE Online Arena INT"]
[Date "2024.02.14"]
[Round "6"]
[White "Mammadova, Gulnar Marfat Qizi"]
[Black "Babiy, Olga"]
[Result "1-0"]
[WhiteElo "2351"]
[BlackElo "2303"]
[PlyCount "85"]
[EventDate "2024.02.14"]
[EventType "swiss (blitz)"]
[EventRounds "11"]
[EventCountry "NET"]
[SourceTitle "CB08_2024"]
[SourceDate "2024.02.21"]
[SourceVersion "1"]
[SourceVersionDate "2024.02.21"]
[SourceQuality "1"]

1. e4 c6 2. d4 d5 3. e5 Bf5 4. Nd2 e6 5. Nb3 Ne7 6. Nf3 Bg6 7. Be2 Nf5 8. c3 Nd7 9. a4 a5 10. Be3 Be7 11. 0-0 0-0 12. Qd2 f6 13. exf6 Bxf6 14. Bd3 Qe8 15. Rae1 Nd6 16. Bf4 Ne4 17. Qe3 Be7 18. Ne5 Nxe5 19. Bxe5 Bh4 20. g3 Bf6 21. f3 Ng5 22. Bxf6 Rxf6 23. Qxg5 Bxd3 24. Rf2 Qf7 25. Nc5 Bg6 26. Qe3 Re8 27. f4 h6 28. b4 axb4 29. cxb4 Bf5 30. a5 Qc7 31. Kg2 b6 32. axb6 Qxb6 33. Nd7 Qxb4 34. Nxf6+ gxf6 35. h3 Be4+ 36. Kh2 Ra8 37. Qd2 Qb3 38. f5 Ra3 39. Rg1 Bxf5 40. Qxh6 Ra2 41. Qf4 Kf7 42. Rgg2 Rxf2 43. Rxf2 1-0

[Event "Swiss Queens Wed #3"]
[Site "FIDE Online Arena INT"]
[Date "2024.02.14"]
[Round "8"]
[White "Mammadova, Gulnar Marfat Qizi"]
[Black "Gunina, Valentina"]
[Result "1/2-1/2"]
[WhiteElo "2351"]
[BlackElo "2437"]
[PlyCount "135"]
[EventDate "2024.02.14"]
[EventType "swiss (blitz)"]
[EventRounds "11"]
[EventCountry "NET"]
[SourceTitle "CB08_2024"]
[SourceDate "2024.02.21"]
[SourceVersion "1"]
[SourceVersionDate "2024.02.21"]
[SourceQuality "1"]

1. e4 c6 2. d4 d5 3. exd5 cxd5 4. Bd3 Nc6 5. c3 e6 6. h3 Bd6 7. Nf3 Nge7 8. 0-0 0-0 9. Re1 Nf5 10. Nbd2 Re8 11. Nf1 Bd7 12. a3 Rc8 13. Ne3 Nxe3 14. Bxe3 h6 15. Rc1 a6 16. Bb1 Bf8 17. Qd2 Na5 18. Qc2 f5 19. Ne5 Nc4 20. Nxc4 dxc4 21. Bf4 Bc6 22. f3 Qh4 23. Be5 Bd5 24. Kh2 Be7 25. g3 Qg5 26. Qf2 Bf6 27. f4 Qg6 28. Bc2 Qf7 29. Re3 Bxe5 30. Rxe5 Rcd8 31. Rce1 Kh8 32. Qe2 Rg8 33. Rg1 Rdf8 34. Qe3 g5 35. Qf2 Qg7 36. Bd1 Rf6 37. Bh5 Qf8 38. Bf3 Bxf3 39. Qxf3 Rfg6 40. fxg5 b5 41. g4 Rxg5 42. Rxe6 fxg4 43. Qxf8 Rxf8 44. hxg4 Rf2+ 45. Rg2 Rxg2+ 46. Kxg2 Rxg4+ 47. Kf3 Rh4 48. Rxa6 Rh2 49. Rb6 Rxb2 50. Rxh6+ Kg7 51. Rb6 Rb3 52. Ke4 Rxa3 53. Rxb5 Rxc3 54. Rc5 Rc1 55. d5 Kf7 56. Kd4 c3 57. Rxc3 Rxc3 58. Kxc3 Ke7 59. Kc4 Kd6 60. Kd4 Kd7 61. Kc5 Kc7 62. d6+ Kd7 63. Kd5 Kd8 64. Ke5 Kd7 65. Kd5 Kd8 66. Kc6 Kc8 67. d7+ Kd8 68. Kd6 1/2-1/2

[Event "Swiss Queens Wed #3"]
[Site "FIDE Online Arena INT"]
[Date "2024.02.14"]
[Round "4"]
[White "Mammadova, Gulnar Marfat Qizi"]
[Black "Narva, Mai"]
[Result "1/2-1/2"]
[WhiteElo "2351"]
[BlackElo "2397"]
[PlyCount "129"]
[EventDate "2024.02.14"]
[EventType "swiss (blitz)"]
[EventRounds "11"]
[EventCountry "NET"]
[SourceTitle "CB08_2024"]
[SourceDate "2024.02.21"]
[SourceVersion "1"]
[SourceVersionDate "2024.02.21"]
[SourceQuality "1"]

1. e4 c5 2. Nf3 d6 3. Bb5+ Bd7 4. a4 Nf6 5. Nc3 g6 6. 0-0 Bg7 7. Bc4 Nc6 8. d3 0-0 9. h3 h6 10. Be3 a6 11. Qd2 Kh7 12. Nh4 Na5 13. Ba2 b5 14. axb5 axb5 15. f4 b4 16. Nd5 e6 17. Nxf6+ Bxf6 18. Nf3 Bxb2 19. Rab1 Bg7 20. f5 Nc6 21. fxg6+ fxg6 22. Bc4 Qe7 23. Kh1 Rae8 24. d4 d5 25. Bb5 dxe4 26. Bxc6 Bxc6 27. Ne5 Bd5 28. Qe2 cxd4 29. Bxd4 Rf5 30. Rxf5 exf5 31. Qb5 Qe6 32. Ra1 Re7 33. Ra5 Bb7 34. Qxb4 e3 35. Nd3 Bxd4 36. Qxd4 e2 37. Ne1 Rd7 38. Qc3 Rd1 39. Rc5 Rd7 40. Rc7 Qe7 41. Rc5 Qe4 42. Rc7 Qd5 43. Rc5 Qf7 44. Rc4 h5 45. Rc5 h4 46. Rc4 Qe7 47. Rd4 Rxd4 48. Qxd4 Qe4 49. Qf2 g5 50. Qc5 Qd5 51. Qe7+ Kg6 52. Qe8+ Kh6 53. Qxe2 Bc6 54. Qd3 g4 55. Qe3+ Kg6 56. Qe8+ Kg7 57. Qe7+ Kg6 58. Qe3 Qe4 59. Qxe4 Bxe4 60. hxg4 fxg4 61. Kg1 h3 62. gxh3 gxh3 63. Kh2 Kf5 64. Kxh3 Bxc2 65. Nxc2 1/2-1/2

[Event "Swiss Queens Wed #3"]
[Site "FIDE Online Arena INT"]
[Date "2024.02.14"]
[Round "3"]
[White "Shubenkova, Veronika"]
[Black "Mammadova, Gulnar Marfat Qizi"]
[Result "0-1"]
[WhiteElo "2007"]
[BlackElo "2351"]
[PlyCount "72"]
[EventDate "2024.02.14"]
[EventType "swiss (blitz)"]
[EventRounds "11"]
[EventCountry "NET"]
[SourceTitle "CB08_2024"]
[SourceDate "2024.02.21"]
[SourceVersion "1"]
[SourceVersionDate "2024.02.21"]
[SourceQuality "1"]

1. d4 g6 2. e3 Bg7 3. f4 d6 4. Nf3 Nd7 5. c3 c6 6. Bd3 e5 7. 0-0 f5 8. fxe5 dxe5 9. Bc4 e4 10. Qb3 Nh6 11. Nfd2 Nb6 12. a4 Nxc4 13. Nxc4 Qd5 14. Qb4 a5 15. Qc5 Qxc5 16. dxc5 0-0 17. Nba3 Be6 18. Nd6 Rab8 19. Nac4 Bd5 20. Nxa5 b6 21. cxb6 Rxb6 22. Nac4 Ra6 23. Ra3 Rd8 24. b4 Bf8 25. b5 Raa8 26. Nb6 Bxd6 27. Nxa8 Bxa3 28. Bxa3 Rxa8 29. b6 c5 30. Rb1 Rxa4 31. Bxc5 Bb7 32. Bd4 Nf7 33. Rb5 Nd6 34. Rc5 Kf7 35. Rc7+ Ke6 36. Bc5 Ba6 0-1